00758nai a2200181Ia 4500003000900000008004100009022002200050022002300072040001600095245008500111260008600196310001300282362002800295521006900323650004700392650004400439856009300483IN-BaIIA211028c9999 xx s 000 0 eng d a0273-1959 (Print) a2379-867X (Online) cIIA Library 0aTransactions of the IRE Professional Group on Industrial Electronicsh[eJournal] aNew York, USAbThe Institute of Electrical and Electronics Engineers, Inc. (IEEE) aAnnually a1(1); 1953 - 1(1); 1953 bSubscribed through National Knowledge Resource Consortium (NKRC) a Components, Circuits, Devices and Systems aPower, Energy and Industry Applications uhttps://ieeexplore.ieee.org/servlet/opac?punumber=4319302yClick Here to Access eJournal